[Event "Tbilisi Cup"]
[Site "Tbilisi"]
[Date "2010.05.21"]
[Round "7"]
[White "Gamzardia, Giorgi"]
[Black "Tabatadze, Tamaz"]
[Result "1-0"]
[WhiteElo "2183"]
[BlackElo "2390"]
[PlyCount "84"]
[EventDate "2010.05.15"]
[EventType "swiss"]
[EventRounds "9"]
[EventCountry "GEO"]
[SourceTitle "CBM 136 Extra"]
[Source "ChessBase"]
[SourceDate "2010.07.02"]
[SourceVersion "2"]
[SourceVersionDate "2010.07.15"]
[SourceQuality "1"]

1. Nf3 f5 2. b3 d6 3. d4 Nf6 4. Bb2 g6 5. g3 Bg7 6. Bg2 0-0 7. 0-0 Qe8 8. c4 h6 9. d5 c5 10. dxc6 bxc6 11. Nc3 Na6 12. Qd2 Bd7 13. Rad1 Nc5 14. b4 Nce4 15. Nxe4 Nxe4 16. Qc1 Bxb2 17. Qxb2 a5 18. Nd2 axb4 19. Nxe4 fxe4 20. Bxe4 Bh3 21. Bg2 Bxg2 22. Kxg2 c5 23. e4 Ra3 24. e5 Qa8+ 25. Kg1 Rxa2 26. Qb1 Kh7 27. exd6 exd6 28. Rxd6 Rg8 29. h4 Ra6 30. Rd5 Qf8 31. Qe4 Rg7 32. Qe3 Rc6 33. h5 gxh5 34. Rfd1 Qf7 35. Rd6 Rxd6 36. Rxd6 Kg8 37. Qxh6 Qe7 38. Re6 Qd7 39. Re3 b3 40. Qxh5 Re7 41. Rxb3 Re1+ 42. Kh2 Qf7 1-0

[Event "Tbilisi Cup"]
[Site "Tbilisi"]
[Date "2010.05.17"]
[Round "3"]
[White "Ismael Namir, Mohammed Ismael"]
[Black "Tabatadze, Tamaz"]
[Result "0-1"]
[WhiteElo "2182"]
[BlackElo "2390"]
[PlyCount "132"]
[EventDate "2010.05.15"]
[EventType "swiss"]
[EventRounds "9"]
[EventCountry "GEO"]
[SourceTitle "CBM 136 Extra"]
[Source "ChessBase"]
[SourceDate "2010.07.02"]
[SourceVersion "2"]
[SourceVersionDate "2010.07.15"]
[SourceQuality "1"]

1. d4 f5 2. e4 fxe4 3. Nc3 Nf6 4. Bg5 c6 5. f3 d5 6. Bxf6 exf6 7. fxe4 Bb4 8. exd5 Qxd5 9. Qd2 Qe6+ 10. Nge2 0-0 11. 0-0-0 Nd7 12. a3 Ba5 13. d5 Qf7 14. dxc6 bxc6 15. Nd4 Ne5 16. Nb3 Bb6 17. Be2 Be6 18. Nd4 Rad8 19. Qf4 Bc8 20. Nf3 Ng6 21. Qa4 Qc7 22. Kb1 Kh8 23. g3 Bd7 24. Rhf1 Rb8 25. Nh4 Ne5 26. Ne4 Bh3 27. Rfe1 Ba5 28. Rg1 c5 29. Nd6 Bd7 30. Qe4 Bc3 31. b3 Qa5 32. Nc4 Nxc4 33. Qxc4 Bb5 34. Ng6+ hxg6 35. Qh4+ Kg8 36. Bc4+ Bxc4 37. Qxc4+ Rf7 38. Rd7 Rbf8 39. Ka2 Bd4 40. Rd1 Qc3 41. Qxc3 Bxc3 42. b4 cxb4 43. Kb3 a5 44. R1d5 Rxd7 45. Rxd7 Ra8 46. a4 g5 47. g4 Kh7 48. h3 Re8 49. Ra7 Re5 50. Kc4 Be1 51. Kd3 Bf2 52. Ra6 Rc5 53. Kd2 Bg3 54. Ra7 Be5 55. Ra6 g6 56. Ra7+ Kg8 57. Ra6 Kf7 58. Ra7+ Ke6 59. Rg7 Rc3 60. Ra7 Bf4+ 61. Kd1 Rxh3 62. Rxa5 Rg3 63. Rb5 Bd6 64. a5 Rxg4 65. a6 Rg1+ 66. Ke2 Ra1 0-1

[Event "GEO-ch"]
[Site "Tbilisi"]
[Date "1998.??.??"]
[Round "?"]
[White "Tabatadze, Tamaz"]
[Black "Shengelia, Davit"]
[Result "1/2-1/2"]
[WhiteElo "2425"]
[BlackElo "2360"]
[PlyCount "138"]
[EventDate "1998.??.??"]
[EventType "swiss"]
[EventRounds "9"]
[EventCountry "GEO"]
[SourceTitle "EXT 2002"]
[Source "ChessBase"]
[SourceDate "2001.11.25"]
[SourceVersion "1"]
[SourceVersionDate "2001.11.25"]
[SourceQuality "1"]

1. c4 e6 2. Nf3 Nf6 3. Nc3 d5 4. d4 Nbd7 5. Bf4 c6 6. e3 Be7 7. Be2 0-0 8. 0-0 a6 9. c5 Nh5 10. b4 Nxf4 11. exf4 b6 12. Qd2 a5 13. a3 Ba6 14. Na4 Bxe2 15. Qxe2 axb4 16. axb4 bxc5 17. bxc5 Bf6 18. Nb2 Qc7 19. Nd3 Rfb8 20. Qc2 g6 21. g3 Rxa1 22. Rxa1 Qb7 23. Kf1 Kf8 24. Ke2 Qb5 25. Ra4 Ke8 26. Qa2 Qb7 27. Ra7 Qb5 28. Qa6 Kd8 29. Qxb5 Rxb5 30. Nfe5 Bxe5 31. Nxe5 Nxe5 32. fxe5 Ke8 33. Rc7 Rb4 34. Kd3 Rb3+ 35. Kd2 Rb2+ 36. Kc3 Rxf2 37. Rxc6 Kd7 38. Ra6 h5 39. Kd3 Rxh2 40. Ra7+ Kc6 41. Rxf7 Rh3 42. Re7 Rxg3+ 43. Ke2 Rg4 44. Rxe6+ Kc7 45. Ke3 Rg3+ 46. Kd2 h4 47. Re7+ Kc6 48. Rh7 h3 49. e6 Rg4 50. Kd3 Re4 51. Rxh3 Rxe6 52. Rg3 Rf6 53. Rg5 Rf3+ 54. Ke2 Rh3 55. Rxg6+ Kb5 56. Rg1 Kc4 57. Rd1 Rc3 58. Rd2 Rh3 59. Kd1 Rh1+ 60. Kc2 Rh8 61. Kb2 Rb8+ 62. Kc1 Rh8 63. Kd1 Rh1+ 64. Ke2 Rh3 65. c6 Rc3 66. Rd3 Rc2+ 67. Rd2 Rc3 68. Rd3 Rc2+ 69. Rd2 Rc3 1/2-1/2

[Event "Fajr op 06th"]
[Site "Iran"]
[Date "1997.??.??"]
[Round "9"]
[White "Tabatadze, Tamaz"]
[Black "Aghamaliyev, Cemil"]
[Result "1/2-1/2"]
[WhiteElo "2415"]
[BlackElo "2475"]
[PlyCount "23"]
[EventDate "1997.??.??"]
[EventType "swiss"]
[EventRounds "9"]
[EventCountry "IRI"]
[SourceTitle "EXT 2003"]
[Source "ChessBase"]
[SourceDate "2002.11.25"]
[SourceVersion "1"]
[SourceVersionDate "2002.11.25"]
[SourceQuality "1"]

1. e4 e5 2. Nf3 Nc6 3. Nc3 Nf6 4. d4 exd4 5. Nxd4 d6 6. Nxc6 bxc6 7. Bd3 Be7 8. 0-0 0-0 9. Bf4 Re8 10. Qd2 Bf8 11. Rfe1 Be6 12. Rad1 1/2-1/2

[Event "GEO-ch"]
[Site "Tbilisi"]
[Date "1996.??.??"]
[Round "?"]
[White "Lobzhanidze, Davit"]
[Black "Tabatadze, Tamaz"]
[Result "1/2-1/2"]
[WhiteElo "2280"]
[BlackElo "2450"]
[PlyCount "58"]
[EventDate "1996.??.??"]
[EventType "tourn"]
[EventRounds "9"]
[EventCountry "GEO"]
[EventCategory "7"]
[SourceTitle "EXT 1999"]
[Source "ChessBase"]
[SourceDate "1998.11.16"]
[SourceVersion "1"]
[SourceVersionDate "1998.11.16"]
[SourceQuality "1"]

1. e4 Nf6 2. e5 Nd5 3. d4 d6 4. Nf3 g6 5. Bc4 Nb6 6. Bb3 Bg7 7. Qe2 Nc6 8. 0-0 dxe5 9. dxe5 Nd4 10. Nxd4 Qxd4 11. Re1 Bg4 12. Be3 Bxe2 13. Bxd4 Bc4 14. Bxb6 Bxb3 15. axb3 cxb6 16. Nd2 0-0 17. Nf3 Rfd8 18. Red1 a6 19. Kf1 h6 20. Ke2 Kf8 21. g4 Ke8 22. c3 Rac8 23. Ke3 Rxd1 24. Rxd1 Rc5 25. b4 Rb5 26. Ke4 e6 27. Rd4 a5 28. Rc4 f5+ 29. gxf5 gxf5+ 1/2-1/2

[Event "GEO-ch"]
[Site "Tbilisi"]
[Date "1996.??.??"]
[Round "?"]
[White "Tabatadze, Tamaz"]
[Black "Bagaturov, Giorgi"]
[Result "0-1"]
[WhiteElo "2450"]
[BlackElo "2460"]
[PlyCount "78"]
[EventDate "1996.??.??"]
[EventType "tourn"]
[EventRounds "9"]
[EventCountry "GEO"]
[EventCategory "7"]
[SourceTitle "EXT 1999"]
[Source "ChessBase"]
[SourceDate "1998.11.16"]
[SourceVersion "1"]
[SourceVersionDate "1998.11.16"]
[SourceQuality "1"]

1. e4 c5 2. f4 d5 3. exd5 Qxd5 4. Nc3 Qd8 5. Nf3 g6 6. Ne5 Bg7 7. Bc4 Nh6 8. d3 Nd7 9. 0-0 0-0 10. Kh1 Nf5 11. Qe1 Nd4 12. Rf2 Nxe5 13. fxe5 Be6 14. Bf4 Qd7 15. Ne4 Qc6 16. a4 Rad8 17. Nc3 Nf5 18. Bxe6 Qxe6 19. Ne4 c4 20. Ng5 Qc6 21. dxc4 Qxc4 22. b3 Qc6 23. Rd1 Qc3 24. e6 f6 25. Nf3 Rxd1 26. Qxd1 g5 27. Bc1 Nd6 28. Ba3 g4 29. Nh4 Ne4 30. Re2 Qe5 31. Bxe7 Re8 32. Bb4 Qxe6 33. Bc5 b6 34. Bg1 Ng3+ 35. hxg3 Qxe2 36. Qd5+ Qe6 37. Qh5 f5 38. Nxf5 Qg6 39. Nxg7 Kxg7 0-1

[Event "Ankara zt"]
[Site "Ankara"]
[Date "1995.??.??"]
[Round "8"]
[White "Erdogan, Hakan"]
[Black "Tabatadze, Tamaz"]
[Result "0-1"]
[WhiteElo "2290"]
[BlackElo "2450"]
[PlyCount "50"]
[EventDate "1995.??.??"]
[EventType "swiss"]
[EventRounds "9"]
[EventCountry "TUR"]
[SourceTitle "CBM 049 Extra"]
[Source "ChessBase"]
[SourceDate "1996.01.01"]
[SourceVersion "1"]
[SourceVersionDate "1996.01.01"]
[SourceQuality "1"]

1. d4 f5 2. c4 Nf6 3. g3 g6 4. Bg2 Bg7 5. Nh3 d6 6. d5 c6 7. Nf4 e5 8. dxe6 Qe7 9. Nd5 cxd5 10. Qa4+ Kf8 11. cxd5 Na6 12. 0-0 b6 13. Nc3 Bb7 14. Bf4 Nc5 15. Qc2 Rc8 16. Rac1 Nce4 17. Nxe4 Rxc2 18. Bxd6 Rxc1 19. Rxc1 Nxd5 20. Bxe7+ Kxe7 21. Ng5 Bxb2 22. Rd1 Bf6 23. Nf7 Rc8 24. Nh6 Kxe6 25. e4 Bg7 0-1

[Event "Wch U26"]
[Site "Sofia"]
[Date "1994.??.??"]
[Round "7"]
[White "Mukhametov, Eldar"]
[Black "Tabatadze, Tamaz"]
[Result "1-0"]
[WhiteElo "2390"]
[BlackElo "2390"]
[PlyCount "53"]
[EventDate "1994.??.??"]
[EventType "swiss"]
[EventRounds "9"]
[EventCountry "BUL"]
[SourceTitle "TD"]
[Source "ChessBase"]
[SourceDate "1994.03.01"]
[SourceVersion "1"]
[SourceVersionDate "1994.03.01"]
[SourceQuality "1"]

1. e4 Nf6 2. e5 Nd5 3. d4 d6 4. Nf3 g6 5. Bc4 Nb6 6. Bb3 Bg7 7. Ng5 e6 8. f4 dxe5 9. fxe5 c5 10. c3 cxd4 11. cxd4 Nc6 12. Nf3 f6 13. Nc3 fxe5 14. Bg5 Bf6 15. Bxf6 Qxf6 16. dxe5 Nxe5 17. 0-0 Nxf3+ 18. Rxf3 Qe5 19. Qd2 Bd7 20. Re1 Qa5 21. Qd6 0-0-0 22. Rc1 Bc6 23. Bxe6+ Nd7 24. Nd5 Rhe8 25. Bxd7+ Rxd7 26. Rxc6+ bxc6 27. Qxc6+ 1-0

[Event "Wch U26"]
[Site "Sofia"]
[Date "1994.??.??"]
[Round "2"]
[White "Tabatadze, Tamaz"]
[Black "Altgelt, Alexander"]
[Result "0-1"]
[WhiteElo "2390"]
[BlackElo "2220"]
[PlyCount "80"]
[EventDate "1994.??.??"]
[EventType "swiss"]
[EventRounds "9"]
[EventCountry "BUL"]
[SourceTitle "TD"]
[Source "ChessBase"]
[SourceDate "1994.03.01"]
[SourceVersion "1"]
[SourceVersionDate "1994.03.01"]
[SourceQuality "1"]

1. c4 e6 2. Nc3 d5 3. e3 Nf6 4. Nf3 c5 5. d4 Nc6 6. a3 a6 7. dxc5 Bxc5 8. b4 Ba7 9. b5 Ne7 10. Bb2 0-0 11. Be2 Nf5 12. 0-0 Qe7 13. cxd5 exd5 14. bxa6 Rd8 15. axb7 Bxb7 16. Nb5 Bc5 17. a4 Ne4 18. Ba3 Bxa3 19. Rxa3 Ra5 20. Qa1 Rda8 21. Nbd4 Nfd6 22. Nb3 R5a7 23. Rc1 h6 24. a5 Nc4 25. Bxc4 dxc4 26. Rxc4 Bd5 27. Rca4 Bxb3 28. Rxb3 Nc5 29. Rba3 Nxa4 30. Rxa4 Qc5 31. a6 Qc6 32. Nd4 Qxa4 33. Qxa4 Rxa6 34. Qxa6 Rxa6 35. h4 g6 36. Kh2 Kg7 37. Kg3 Ra2 38. Kf3 Kf6 39. g3 Ke5 40. Nc6+ Kd6 0-1

[Event "Wch U26"]
[Site "Sofia"]
[Date "1994.??.??"]
[Round "4"]
[White "Tabatadze, Tamaz"]
[Black "Karanikolas, Konstantinos"]
[Result "1-0"]
[WhiteElo "2390"]
[BlackElo "2305"]
[PlyCount "95"]
[EventDate "1994.??.??"]
[EventType "swiss"]
[EventRounds "9"]
[EventCountry "BUL"]
[SourceTitle "TD"]
[Source "ChessBase"]
[SourceDate "1994.03.01"]
[SourceVersion "1"]
[SourceVersionDate "1994.03.01"]
[SourceQuality "1"]

1. c4 Nf6 2. Nc3 e6 3. e4 d5 4. e5 Nfd7 5. d4 dxc4 6. Bxc4 Nb6 7. Bd3 Nc6 8. Nf3 Nb4 9. Bb1 N4d5 10. Ng5 Qe7 11. Bxh7 Bd7 12. Qf3 0-0-0 13. Nxf7 Rxh7 14. Bg5 Qb4 15. Nxd8 Be7 16. Bxe7 Qxe7 17. Nxe6 Bxe6 18. 0-0 Kb8 19. Ne4 Qh4 20. h3 Bxh3 21. gxh3 Nf4 22. Rfc1 Nxh3+ 23. Kf1 Nf4 24. Ke1 Nc4 25. Rxc4 Qh1+ 26. Qxh1 Rxh1+ 27. Kd2 Rxa1 28. a3 Rb1 29. Rc2 c6 30. Nc3 Rf1 31. Ke3 g5 32. Ke4 Ne6 33. Rd2 g4 34. Ke3 Re1+ 35. Re2 Rg1 36. d5 cxd5 37. Nxd5 g3 38. Nf4 gxf2 39. Rxf2 Nxf4 40. Kxf4 Kc7 41. Rd2 Rf1+ 42. Kg5 a6 43. e6 Rf3 44. Kg6 Rf1 45. e7 Re1 46. Kf7 Rf1+ 47. Ke8 Rc1 48. Rf2 1-0

[Event "Budapest Spring op 08th"]
[Site "Budapest"]
[Date "1992.??.??"]
[Round "?"]
[White "Arkell, Keith C"]
[Black "Tabatadze, Tamaz"]
[Result "1/2-1/2"]
[WhiteElo "2460"]
[BlackElo "2365"]
[PlyCount "75"]
[EventDate "1992.03.??"]
[EventType "swiss"]
[EventRounds "9"]
[EventCountry "HUN"]
[SourceTitle "CBM 030 Extra"]
[Source "ChessBase"]
[SourceDate "1992.11.01"]
[SourceVersion "1"]
[SourceVersionDate "1992.11.01"]
[SourceQuality "1"]

1. d4 f5 2. g3 Nf6 3. Bg2 d6 4. Nf3 g6 5. 0-0 Bg7 6. b3 0-0 7. Bb2 Qe8 8. c4 Na6 9. d5 c5 10. Nc3 h6 11. Qc2 g5 12. e3 Bd7 13. Rfe1 Qh5 14. a3 Rf7 15. Nd2 f4 16. exf4 gxf4 17. Ne2 Ng4 18. Nxf4 Qxh2+ 19. Kf1 Bf5 20. Qc1 Bd3+ 21. Nxd3 Qxg3 22. f3 Raf8 23. Bxg7 Rxg7 24. Re2 h5 25. Ne1 h4 26. Ne4 Nh2+ 27. Kg1 Nxf3+ 28. Nxf3 Qxf3 29. Raa2 Qh5 30. Nf2 h3 31. Nxh3 Qxh3 32. Rxe7 Qg4 33. Rxg7+ Qxg7 34. Re2 Nc7 35. Qe1 Qd4+ 36. Kh2 Qf4+ 37. Qg3+ Qxg3+ 38. Kxg3 1/2-1/2

[Event "Kobanya op"]
[Site "Kobanya"]
[Date "1992.??.??"]
[Round "8"]
[White "Poluljahov, Aleksandr"]
[Black "Tabatadze, Tamaz"]
[Result "1-0"]
[WhiteElo "2425"]
[BlackElo "2365"]
[PlyCount "57"]
[EventDate "1992.??.??"]
[EventType "swiss"]
[EventRounds "11"]
[EventCountry "HUN"]
[SourceTitle "TD"]
[Source "ChessBase"]
[SourceDate "1994.03.01"]
[SourceVersion "1"]
[SourceVersionDate "1994.03.01"]
[SourceQuality "1"]

1. e4 e6 2. d4 d5 3. Nc3 dxe4 4. Nxe4 Bd7 5. Nf3 Bc6 6. Bd3 Nd7 7. Qe2 Ngf6 8. Neg5 Be7 9. Nxf7 Bb4+ 10. c3 Bxf3 11. Qxf3 Kxf7 12. cxb4 Nb6 13. Be3 Nbd5 14. a3 Rf8 15. 0-0 Kg8 16. Bg5 Qd6 17. Rfe1 Rae8 18. Bh4 g6 19. Bg5 Nh5 20. Qe4 Rxf2 21. Kxf2 Qxh2 22. Qg4 Rf8+ 23. Ke2 Qd6 24. Kd2 Ndf4 25. Bxf4 Nxf4 26. g3 Nxd3 27. Kxd3 Qa6+ 28. Kd2 Rf5 29. Qe2 1-0

[Event "Bratislava op"]
[Site "Bratislava"]
[Date "1992.??.??"]
[Round "9"]
[White "Tabatadze, Tamaz"]
[Black "Novik, Maxim"]
[Result "1-0"]
[WhiteElo "2405"]
[BlackElo "2430"]
[PlyCount "39"]
[EventDate "1992.08.??"]
[EventType "swiss"]
[EventRounds "11"]
[EventCountry "CZE"]
[SourceTitle "EXT 1997"]
[Source "ChessBase"]
[SourceDate "1996.11.15"]
[SourceVersion "1"]
[SourceVersionDate "1996.11.15"]
[SourceQuality "1"]

1. c4 g6 2. e4 Bg7 3. d4 d6 4. Nc3 Nf6 5. Be2 0-0 6. Nf3 e5 7. 0-0 Nc6 8. d5 Ne7 9. b4 a5 10. Ba3 Nh5 11. c5 f5 12. Ng5 Nf4 13. Bc4 Kh8 14. bxa5 Nexd5 15. Nxd5 Qxg5 16. Nxf4 exf4 17. cxd6 fxe4 18. d7 f3 19. g3 Qg4 20. d8Q 1-0

[Event "Kobanya op"]
[Site "Kobanya"]
[Date "1992.??.??"]
[Round "9"]
[White "Tabatadze, Tamaz"]
[Black "Vaulin, Alexander"]
[Result "0-1"]
[WhiteElo "2365"]
[BlackElo "2520"]
[PlyCount "52"]
[EventDate "1992.??.??"]
[EventType "swiss"]
[EventRounds "11"]
[EventCountry "HUN"]
[SourceTitle "TD"]
[Source "ChessBase"]
[SourceDate "1994.03.01"]
[SourceVersion "1"]
[SourceVersionDate "1994.03.01"]
[SourceQuality "1"]

1. c4 c5 2. Nf3 g6 3. d4 Bg7 4. Nc3 cxd4 5. Nxd4 Nc6 6. e3 Nf6 7. Be2 0-0 8. 0-0 Nxd4 9. Qxd4 d6 10. Qd1 Be6 11. Rb1 d5 12. cxd5 Nxd5 13. Bf3 Nxc3 14. bxc3 Bc4 15. Qxd8 Raxd8 16. Rd1 Rxd1+ 17. Bxd1 Rd8 18. Bf3 Bxa2 19. Rxb7 Bd5 20. Rxa7 Bxf3 21. gxf3 Rd1+ 22. Kg2 Rxc1 23. Rxe7 Rxc3 24. f4 Bf6 25. Rd7 Rc2 26. Kf3 Bh4 0-1

[Event "Baden-GEO m"]
[Site "Karlsruhe"]
[Date "1991.05.05"]
[Round "2.2"]
[White "Tabatadze, Tamaz"]
[Black "Gschnitzer, Oswald"]
[Result "1/2-1/2"]
[WhiteElo "2330"]
[BlackElo "2460"]
[PlyCount "154"]
[EventDate "1991.05.04"]
[EventType "team-match"]
[EventRounds "2"]
[EventCountry "GER"]
[SourceTitle "EXT 2004"]
[Source "ChessBase"]
[SourceDate "2003.11.25"]
[SourceVersion "1"]
[SourceVersionDate "2003.11.25"]
[SourceQuality "1"]
[WhiteTeam "Georgia"]
[BlackTeam "Baden"]
[WhiteTeamCountry "GEO"]
[BlackTeamCountry "GER"]

1. d4 Nf6 2. c4 e6 3. Nc3 Bb4 4. e3 c5 5. Bd3 Nc6 6. Nge2 d5 7. cxd5 Nxd5 8. 0-0 cxd4 9. exd4 0-0 10. Bc2 Be7 11. Qd3 g6 12. a3 Nxc3 13. bxc3 e5 14. Bh6 Re8 15. Bb3 exd4 16. cxd4 Bf6 17. Rad1 Na5 18. Ba2 Bf5 19. Qd2 Rc8 20. Rc1 b6 21. d5 Qd6 22. Ng3 Bd7 23. Rfe1 Rxc1 24. Rxc1 Qxa3 25. Rc7 Bb5 26. h3 Qd6 27. Qf4 Qxf4 28. Bxf4 Re7 29. d6 Rxc7 30. dxc7 Ba6 31. Ne4 Be7 32. Nc3 Nc6 33. Nb5 Bc8 34. Bd5 a6 35. Bxc6 axb5 36. Bxb5 Bc5 37. Bg5 f5 38. Bc4+ Kf8 39. Bd8 Ke8 40. Kf1 Bd6 41. Ke2 Kd7 42. Bb5+ Ke6 43. Kd3 Kd5 44. h4 Kc5 45. Bc4 Kc6 46. Bg8 h6 47. Kd4 Bxc7 48. Bxc7 Kxc7 49. Ke5 b5 50. Kf6 Kd6 51. f4 b4 52. Ba2 Bb7 53. Kxg6 Bd5 54. Bb1 Be4 55. Bxe4 fxe4 56. f5 e3 57. f6 e2 58. f7 e1Q 59. f8Q+ Qe7 60. Qf4+ Kd7 61. Qf3 Qe6+ 62. Kh7 b3 63. g4 Qb6 64. g5 hxg5 65. hxg5 b2 66. Qd3+ Kc8 67. Qf5+ Kb8 68. Qf8+ Kb7 69. Qf3+ Kc8 70. Qf5+ Kb7 71. Qf3+ Kc7 72. Qf7+ Kd6 73. Qf6+ Kc5 74. Qf2+ Kc6 75. Qf3+ Kb5 76. Qb3+ Ka6 77. Qa3+ Kb7 1/2-1/2